00921cam a22002411 4500001001300000003000400013005001700017007001500034008004100049010001700090035001900107040004600126042001200172050002200184110002200206245014400228260005700372300001900429530006900448650005400517710005700571856005100628e 09001212 DLC20260227111151.0cr_|||||||||||790914s1878 nyu 000 0 eng c ae 09001212  a(OCoLC)5377745 aLibrary, U.S. Bur. of EducationcOCldDLC apremarc00aLB2529b.N73 18781 aNew York (State).00aGeneral school laws of the state of New York.cPrepared by the superintendent of public instruction, pursuant to chapter 252, Laws of 1878. aAlbany,bWeed, Parsons and company, printers,c1878. a133 p.c23 cm. aAlso available in digital form on the Internet Archive Web site. 0aEducational law and legislationzNew York (State)1 aNew York (State).bDepartment of Public Instruction.41uhttp://hdl.loc.gov/loc.gdc/scd0001.00203121660